000 01219nam a2200337 i 4500
001 47013
003 KOSZ 005
005 20200630132831.0
008 061205s1973 pl a f 001 0 pol
015 _aPB 1973/1686
040 _aWA N
_cWA N
_dKOSZ 005/RW
080 _a537
080 _a(075.8)
100 1 _aSzczeniowski, Szczepan
_d(1898-1979)
_eAutor
245 1 0 _aFizyka doświadczalna :
_bpodręcznik dla studentów szkół wyższych.
_nCz. 3,
_pElektryczność i magnetyzm /
_cSzczepan Szczeniowski.
250 _aWydanie 3 poprawione i uzupełnione.
260 _aWarszawa :
_bPaństwowe Wydawnictwo Naukowe,
_c1973.
300 _a534, [2] strony :
_bilustracje ;
_c25 cm.
336 _aTekst
_btxt
_2rdacontent
337 _aBez urządzenia pośredniczącego
_bn
_2rdamedia
338 _aWolumin
_bnc
_2rdacarrier
380 _aKsiążki.
504 _aIndeks.
658 _aFizyka i astronomia
655 4 _aPodręczniki akademickie
650 4 _aElektryczność
650 4 _aMagnetyzm
710 2 _aPaństwowe Wydawnictwo Naukowe
_4pbl.
856 _uhttp://koha.tu.koszalin.pl/cgi-bin/koha/opac-detail.pl?biblionumber=47013
_yKatalog online BPK
942 _2UKD
_cKS
999 _c47013
_d47013